000
00303 a2200145 4500
001
176468
020
_a
040
_c
Magnum
100
_a
Roque, Anibal
240
1
0
_a
Plumas ao vento
_l
por
245
1
0
_a
Plumas ao vento
362
0
_a
1899
697
_a
MAGNITO: J/SOCIEDADE, COTIDIAN
942
_c
BK
999
_c
176468
_d
176468